Nácvik piesne (Podnety k príprave učiteľky na nácvik piesne v MŠ)

Podrobná bibliografia
Hlavný autor: Macejová, Iveta (Autor)
Médium: Článok
Jazyk:slovenčina
ISSN:0139-6919
Predmet:

MARC

LEADER 00000nab a2200000 ar4500
001 vtls010656117
003 SK-MaSNL
005 20260304170033.0
008 150220c2015 xo mr|p|||an |000 b|slo
015 |a SNBRB2015/02 
038 |a SPK 
040 |a SPKCL  |b slo  |c AACR2  |e AACR2 
041 0 |a slo  |b slo 
044 |a xo  |c SK 
072 7 |a 78  |x Hudba  |2 konspekt 
080 |a 373.24  |2 2001 
080 |a 78:37.016  |2 2001 
080 |a 37.016  |2 2001 
100 1 |a Macejová, Iveta  |4 aut  |9 1066658 
245 1 0 |a Nácvik piesne  |b (Podnety k príprave učiteľky na nácvik piesne v MŠ)  |c Iveta Macejová 
504 |a Bibliogr. odkazy 
546 |a Res. slov. 
650 0 7 |a materské školy  |2 snkbucl  |9 1278 
650 0 7 |a spev  |2 snkbucl  |9 3420 
650 0 7 |a hudobná výchova  |2 snkbucl  |9 1662 
773 0 |t Vychovávateľ  |g Roč. LXIII, č. 5-6(2015), s. 54-[57]  |x 0139-6919 
852 |a SPK  |b KIS3GCP 
958 |a NB  |2 spk 
999 |c 2986785  |d 2988715